A m. kir. Kúria 87, 88, 89 számú polgári jogegységi döntvénye

Elmentve itt :
Bibliográfiai részletek
Szerző: Szigeti László
Dokumentumtípus: Cikk
Megjelent: 1937
Sorozat:Polgári jog : a hazai és külföldi magánjog és hiteljog szemléje 13
Kulcsszavak:Eljárási jog - végrehajtás
Online Access:http://misc.bibl.u-szeged.hu/6425
LEADER 00660nab a2200169 i 4500
001 misc6425
005 20191106142135.0
008 170607s1937 hu o 0|| hun d
040 |a SZTE Miscellanea Repozitórium  |b hun 
041 |a hun 
100 1 |a Szigeti László 
245 1 2 |a A m. kir. Kúria 87, 88, 89 számú polgári jogegységi döntvénye  |h [elektronikus dokumentum] /  |c ifj. Szigeti László 
260 |c 1937 
300 |a 454-458a 
490 0 |a Polgári jog : a hazai és külföldi magánjog és hiteljog szemléje  |v 13 
695 |a Eljárási jog - végrehajtás 
856 4 0 |u http://misc.bibl.u-szeged.hu/6425/1/polgari_jog_1937_454-458a.pdf  |z Dokumentum-elérés